Pokémon - Les attaques de Trompignon - Statistiques

Statistiques générales
  • Ce quiz a été pris 12 fois
  • Le résultat moyen est 10 sur 14
Statistiques - réponses
Niveaux Types Noms des attaques % Correct
Départ Spectre Étonnement
86%
Niveau 28 Plante Giga-Sangsue
86%
Niveau 12 Plante Méga-Sangsue
86%
Niveau 8 Plante Para-Spore
86%
Niveau 36 Poison Toxik
86%
Niveau 44 Plante Lance-Soleil
71%
Niveau 48 Plante Spore
71%
Départ Plante Vol-Vie
71%
Niveau 4 Normal Croissance
57%
Niveau 24 Normal Doux Parfum
57%
Niveau 40 Insecte Poudre Fureur
57%
Niveau 32 Plante Racines
57%
Niveau 16 Plante Synthèse
57%
Niveau 20 Poison Bain de Smog
43%
Aucun quiz correspondant
Distribution des résultats
% des personnes avec chaque résultat
Percentile par nombre de réponses
Votre historique - résultats
Vous n’avez pas pris ce quiz